000 00630nam a22001817a 4500
005 20251108164402.0
008 250721s9999 xx 000 0 ara d
082 1 4 _a725.08/نبي
100 1 _aحسن، نبيل
245 1 0 _aالملاعب و القرى الأولمبية :
_bتخطيط - تصميم معماري - إنشاء /
264 1 _aبيروت :
_bدار الراتب الجامعية،
_c[19-].
300 _a217ص : مص
490 0 _aالموسوعة المعمارية ؛ 3
650 1 7 _aالملاعب الرياضية
650 1 7 _aالهندسة المعمارية
942 _2ddc
_cREF
999 _c10871
_d10871